<?xml version="1.0" encoding="UTF-8"?>
<record
    xmlns:xsi="http://www.w3.org/2001/XMLSchema-instance"
    xsi:schemaLocation="http://www.loc.gov/MARC21/slim http://www.loc.gov/standards/marcxml/schema/MARC21slim.xsd"
    xmlns="http://www.loc.gov/MARC21/slim">

  <leader>00442nam a2200145 a 4500</leader>
  <datafield tag="020" ind1=" " ind2=" ">
    <subfield code="a">2853191109</subfield>
  </datafield>
  <datafield tag="040" ind1=" " ind2=" ">
    <subfield code="c">DLC</subfield>
  </datafield>
  <datafield tag="082" ind1="0" ind2="0">
    <subfield code="a">631 PGE 1983 </subfield>
  </datafield>
  <datafield tag="100" ind1="1" ind2=" ">
    <subfield code="a">Durand, Jacques H.</subfield>
  </datafield>
  <datafield tag="245" ind1="1" ind2="4">
    <subfield code="a">Les sols irrigables :</subfield>
    <subfield code="b">&#xE9;tude p&#xE9;dologique /</subfield>
  </datafield>
  <datafield tag="260" ind1=" " ind2=" ">
    <subfield code="a">Paris :</subfield>
    <subfield code="b">Agence de coop&#xE9;ration culturelle et technique :</subfield>
    <subfield code="b">Presses universitaires de France,</subfield>
    <subfield code="c">c1983.</subfield>
  </datafield>
  <datafield tag="300" ind1=" " ind2=" ">
    <subfield code="a">x, 339 p. :</subfield>
    <subfield code="b">ill. ;</subfield>
    <subfield code="c">21 cm.</subfield>
  </datafield>
  <datafield tag="650" ind1=" " ind2="0">
    <subfield code="a">Soils, Irrigated.</subfield>
  </datafield>
  <datafield tag="942" ind1=" " ind2=" ">
    <subfield code="c">FB</subfield>
  </datafield>
  <datafield tag="999" ind1=" " ind2=" ">
    <subfield code="c">11281</subfield>
    <subfield code="d">11281</subfield>
  </datafield>
  <datafield tag="952" ind1=" " ind2=" ">
    <subfield code="0">0</subfield>
    <subfield code="1">0</subfield>
    <subfield code="4">0</subfield>
    <subfield code="6">631_000000000000000_PGE_1983_A037_OR</subfield>
    <subfield code="7">0</subfield>
    <subfield code="9">58767</subfield>
    <subfield code="a">LBA</subfield>
    <subfield code="b">LBA</subfield>
    <subfield code="c">A037</subfield>
    <subfield code="d">2017-07-28</subfield>
    <subfield code="o">631 PGE 1983 A037 Or</subfield>
    <subfield code="p">A10590</subfield>
    <subfield code="r">2017-07-28</subfield>
    <subfield code="y">FB</subfield>
  </datafield>
  <datafield tag="952" ind1=" " ind2=" ">
    <subfield code="0">0</subfield>
    <subfield code="1">0</subfield>
    <subfield code="4">0</subfield>
    <subfield code="6">631_000000000000000_PGE_1983_A037_OR</subfield>
    <subfield code="7">0</subfield>
    <subfield code="9">58768</subfield>
    <subfield code="a">LBA</subfield>
    <subfield code="b">LBA</subfield>
    <subfield code="c">A037</subfield>
    <subfield code="d">2017-07-28</subfield>
    <subfield code="o">631 PGE 1983 A037 Or.</subfield>
    <subfield code="p">A10249</subfield>
    <subfield code="r">2017-07-28</subfield>
    <subfield code="y">FB</subfield>
  </datafield>
  <datafield tag="952" ind1=" " ind2=" ">
    <subfield code="0">0</subfield>
    <subfield code="1">0</subfield>
    <subfield code="4">0</subfield>
    <subfield code="6">631_000000000000000_PGE_1983_A037_OR</subfield>
    <subfield code="7">0</subfield>
    <subfield code="9">58769</subfield>
    <subfield code="a">LBA</subfield>
    <subfield code="b">LBA</subfield>
    <subfield code="c">A037</subfield>
    <subfield code="d">2017-07-28</subfield>
    <subfield code="o">631 PGE 1983 A037 Or.</subfield>
    <subfield code="p">A10172</subfield>
    <subfield code="r">2017-07-28</subfield>
    <subfield code="y">FB</subfield>
  </datafield>
  <datafield tag="952" ind1=" " ind2=" ">
    <subfield code="0">0</subfield>
    <subfield code="1">0</subfield>
    <subfield code="4">0</subfield>
    <subfield code="6">631_000000000000000_PGE_1983_A037_OR</subfield>
    <subfield code="7">0</subfield>
    <subfield code="9">58770</subfield>
    <subfield code="a">LBA</subfield>
    <subfield code="b">LBA</subfield>
    <subfield code="c">A037</subfield>
    <subfield code="d">2017-07-28</subfield>
    <subfield code="o">631 PGE 1983 A037 Or.</subfield>
    <subfield code="p">A12990</subfield>
    <subfield code="r">2017-07-28</subfield>
    <subfield code="y">FB</subfield>
  </datafield>
  <datafield tag="952" ind1=" " ind2=" ">
    <subfield code="0">0</subfield>
    <subfield code="1">0</subfield>
    <subfield code="4">0</subfield>
    <subfield code="6">631_000000000000000_PGE_1983_A037_OR</subfield>
    <subfield code="7">0</subfield>
    <subfield code="9">58771</subfield>
    <subfield code="a">LBA</subfield>
    <subfield code="b">LBA</subfield>
    <subfield code="c">A037</subfield>
    <subfield code="d">2017-07-28</subfield>
    <subfield code="o">631 PGE 1983 A037 Or.</subfield>
    <subfield code="p">A10665</subfield>
    <subfield code="r">2017-07-28</subfield>
    <subfield code="y">FB</subfield>
  </datafield>
  <datafield tag="952" ind1=" " ind2=" ">
    <subfield code="0">0</subfield>
    <subfield code="1">0</subfield>
    <subfield code="4">0</subfield>
    <subfield code="6">631_000000000000000_PGE_1983_A037_OR</subfield>
    <subfield code="7">0</subfield>
    <subfield code="9">58772</subfield>
    <subfield code="a">LBA</subfield>
    <subfield code="b">LBA</subfield>
    <subfield code="c">A037</subfield>
    <subfield code="d">2017-07-28</subfield>
    <subfield code="o">631 PGE 1983 A037 Or.</subfield>
    <subfield code="p">A11026</subfield>
    <subfield code="r">2017-07-28</subfield>
    <subfield code="y">FB</subfield>
  </datafield>
  <datafield tag="952" ind1=" " ind2=" ">
    <subfield code="0">0</subfield>
    <subfield code="1">0</subfield>
    <subfield code="4">0</subfield>
    <subfield code="6">631_000000000000000_PGE_1983_A037_OR</subfield>
    <subfield code="7">0</subfield>
    <subfield code="9">58773</subfield>
    <subfield code="a">LBA</subfield>
    <subfield code="b">LBA</subfield>
    <subfield code="c">A027</subfield>
    <subfield code="d">2017-07-28</subfield>
    <subfield code="o">631 PGE 1983 A037 Or.</subfield>
    <subfield code="p">A13354</subfield>
    <subfield code="r">2017-07-28</subfield>
    <subfield code="y">FB</subfield>
  </datafield>
  <datafield tag="952" ind1=" " ind2=" ">
    <subfield code="0">0</subfield>
    <subfield code="1">0</subfield>
    <subfield code="4">0</subfield>
    <subfield code="6">631_000000000000000_PGE_1983_A037_OR</subfield>
    <subfield code="7">0</subfield>
    <subfield code="9">58774</subfield>
    <subfield code="a">LBA</subfield>
    <subfield code="b">LBA</subfield>
    <subfield code="c">A037</subfield>
    <subfield code="d">2017-07-28</subfield>
    <subfield code="o">631 PGE 1983 A037 Or.</subfield>
    <subfield code="p">A13070</subfield>
    <subfield code="r">2017-07-28</subfield>
    <subfield code="y">FB</subfield>
  </datafield>
  <datafield tag="952" ind1=" " ind2=" ">
    <subfield code="0">0</subfield>
    <subfield code="1">0</subfield>
    <subfield code="4">0</subfield>
    <subfield code="6">631_000000000000000_PGE_1983_A037_OR</subfield>
    <subfield code="7">0</subfield>
    <subfield code="9">58775</subfield>
    <subfield code="a">LBA</subfield>
    <subfield code="b">LBA</subfield>
    <subfield code="c">A037</subfield>
    <subfield code="d">2017-07-28</subfield>
    <subfield code="o">631 PGE 1983 A037 Or.</subfield>
    <subfield code="p">A09882</subfield>
    <subfield code="r">2017-07-28</subfield>
    <subfield code="y">FB</subfield>
  </datafield>
  <datafield tag="952" ind1=" " ind2=" ">
    <subfield code="0">0</subfield>
    <subfield code="1">0</subfield>
    <subfield code="4">0</subfield>
    <subfield code="6">631_000000000000000_PGE_1983_A037_OR</subfield>
    <subfield code="7">0</subfield>
    <subfield code="9">59478</subfield>
    <subfield code="a">LBA</subfield>
    <subfield code="b">LBA</subfield>
    <subfield code="c">A037</subfield>
    <subfield code="d">2017-08-03</subfield>
    <subfield code="o">631 PGE 1983 A037 Or.</subfield>
    <subfield code="p">A13086</subfield>
    <subfield code="r">2017-08-03</subfield>
    <subfield code="w">2017-08-03</subfield>
    <subfield code="y">FB</subfield>
  </datafield>
  <datafield tag="952" ind1=" " ind2=" ">
    <subfield code="0">0</subfield>
    <subfield code="1">0</subfield>
    <subfield code="4">0</subfield>
    <subfield code="6">631_000000000000000_PGE_1983_A040_OR</subfield>
    <subfield code="7">0</subfield>
    <subfield code="9">61275</subfield>
    <subfield code="a">LBA</subfield>
    <subfield code="b">LBA</subfield>
    <subfield code="c">A040</subfield>
    <subfield code="d">2017-08-10</subfield>
    <subfield code="o">631 PGE 1983 A040 Or.</subfield>
    <subfield code="p">a07954</subfield>
    <subfield code="r">2017-08-10</subfield>
    <subfield code="w">2017-08-10</subfield>
    <subfield code="y">FB</subfield>
  </datafield>
</record>
